[Event "Madrid-ch 2017-2018 - Previa A"]
[Site "Madrid ESP"]
[Date "2018.02.07"]
[Round "3.27"]
[White "De Dompablo Fantova, Juan"]
[Black "Martinez Martinez, Javier II"]
[Result "1-0"]
[WhiteElo "1688"]
[BlackElo "1601"]
[PlyCount "81"]
[EventDate "2018.02.05"]
[EventType "swiss"]
[EventRounds "9"]
[EventCountry "ESP"]
[SourceTitle "Ajedrez en Madrid"]
[Source "lmi"]
[SourceDate "2018.02.05"]

1. e4 e5 2. Nf3 Nc6 3. Bc4 Nf6 4. d3 Be7 5. O-O O-O 6. c3 d6 7. h3 Na5 8. Bb5
a6 9. Ba4 b5 10. Bc2 c5 11. b4 cxb4 12. cxb4 Nc6 13. a3 h6 14. Nc3 Be6 15. Ne2
Rc8 16. Be3 Nh7 17. d4 exd4 18. Nexd4 Nxd4 19. Nxd4 Bd7 20. Rc1 Bg5 21. f4 Bf6
22. Qd3 Bxd4 23. Bxd4 f5 24. Qg3 Nf6 25. Qg6 Be8 26. Qg3 Kh7 27. e5 Nh5 28. Qf3
Rxc2 29. Rxc2 dxe5 30. Bxe5 Nf6 31. Rc7 Rf7 32. Rd1 Nd7 33. Qd3 Qh4 34. Bd6 Qf6
35. Rc8 Qe6 36. Rc2 Nb6 37. Re2 Qc8 38. Rde1 Bd7 39. Re7 Rxe7 40. Rxe7 Qg8 41.
Be5 1-0

[Event "Madrid-ch 2017-2018 - Previa A"]
[Site "Madrid ESP"]
[Date "2018.02.07"]
[Round "3.28"]
[White "Ballesteros Cudero, Juan Carlos"]
[Black "Mora Agudo, Jose"]
[Result "0-1"]
[WhiteElo "1660"]
[BlackElo "1480"]
[PlyCount "76"]
[EventDate "2018.02.05"]
[EventType "swiss"]
[EventRounds "9"]
[EventCountry "ESP"]
[SourceTitle "Ajedrez en Madrid"]
[Source "lmi"]
[SourceDate "2018.02.05"]

1. b3 Nf6 2. Bb2 g6 3. Nf3 Bg7 4. e3 O-O 5. d4 d5 6. Nbd2 b6 7. Be2 c5 8. c4
cxd4 9. Bxd4 Nc6 10. Bb2 Ba6 11. O-O dxc4 12. Nxc4 Na5 13. Qxd8 Rfxd8 14. Rac1
Nxc4 15. Bxc4 Bxc4 16. Rxc4 Rac8 17. Rcc1 Ne4 18. Bxg7 Kxg7 19. Nd4 Nc3 20.
Rfe1 e5 21. Kf1 exd4 22. exd4 Rxd4 23. Rc2 b5 24. Rec1 b4 25. a3 a5 26. axb4
axb4 27. g3 Rcd8 28. Kg2 Rd2 29. Rxd2 Rxd2 30. Kf3 Rb2 31. h4 Rxb3 32. Kg4 Rb2
33. f3 h5+ 34. Kh3 Ne2 35. Re1 b3 36. g4 hxg4+ 37. Kxg4 Rc2 38. h5 b2 0-1

[Event "Madrid-ch 2017-2018 - Previa A"]
[Site "Madrid ESP"]
[Date "2018.02.07"]
[Round "3.29"]
[White "Martin Garcia, Francisco Javier"]
[Black "Moreno Uribarri, Miguel"]
[Result "0-1"]
[WhiteElo "1461"]
[BlackElo "1626"]
[PlyCount "74"]
[EventDate "2018.02.05"]
[EventType "swiss"]
[EventRounds "9"]
[EventCountry "ESP"]
[SourceTitle "Ajedrez en Madrid"]
[Source "lmi"]
[SourceDate "2018.02.05"]

1. d4 Nf6 2. Nf3 g6 3. c4 Bg7 4. Nc3 d5 5. cxd5 Nxd5 6. e4 Nxc3 7. bxc3 c5 8.
Be3 Qa5 9. Qd2 O-O 10. Rb1 Nc6 11. Rb5 Qc7 12. Rxc5 b6 13. Rb5 Ba6 14. Rb1 Bxf1
15. Kxf1 Na5 16. Bh6 Nc4 17. Qc1 Nd6 18. Bxg7 Kxg7 19. Nd2 Rac8 20. Rb3 Qb7 21.
f3 Qa6+ 22. Kf2 Qxa2 23. Ra3 Qe6 24. Rxa7 Nb5 25. Ra1 Nxd4 26. Qb2 Nc6 27. Ra6
Rfd8 28. Rxb6 Qe5 29. Rb5 Rxd2+ 30. Qxd2 Qxb5 31. h4 Qc5+ 32. Kg3 Rd8 33. Qb2
Qe5+ 34. Kh3 Qe6+ 35. Kh2 Qf6 36. Kg3 g5 37. h5 Qf4+ 0-1

[Event "Madrid-ch 2017-2018 - Previa A"]
[Site "Madrid ESP"]
[Date "2018.02.07"]
[Round "3.30"]
[White "Diaz del Prado, Carlos"]
[Black "Rodriguez Bachiller, Luis"]
[Result "1/2-1/2"]
[WhiteElo "1302"]
[BlackElo "1622"]
[PlyCount "73"]
[EventDate "2018.02.05"]
[EventType "swiss"]
[EventRounds "9"]
[EventCountry "ESP"]
[SourceTitle "Ajedrez en Madrid"]
[Source "lmi"]
[SourceDate "2018.02.05"]

1. d4 Nf6 2. Nf3 d6 3. e3 g6 4. Bd3 Bg7 5. Nbd2 Bg4 6. O-O O-O 7. h3 Bd7 8. Re1
Bc6 9. e4 b6 10. c3 Bb7 11. Nc4 Nbd7 12. e5 Ne8 13. e6 fxe6 14. Rxe6 Bxf3 15.
gxf3 d5 16. Ne3 Nef6 17. Ng4 c5 18. Qe1 cxd4 19. Rxe7 dxc3 20. bxc3 Nc5 21. Bc2
Nxg4 22. fxg4 Ne4 23. Rxe4 dxe4 24. Qxe4 Qf6 25. Bb3+ Kh8 26. Be3 Qf3 27. Qxf3
Rxf3 28. Bd5 Rxe3 29. Bxa8 Rxc3 30. Rd1 h6 31. Kg2 Rc2 32. Bd5 Kh7 33. Bb3 Rc6
34. Rd8 h5 35. g5 Bc3 36. Rd7+ Kh8 37. Rd8+ 1/2-1/2

[Event "Madrid-ch 2017-2018 - Previa A"]
[Site "Madrid ESP"]
[Date "2018.02.07"]
[Round "3.31"]
[White "Ojosnegros Martin, Angel"]
[Black "Martinez Pintor, Juan"]
[Result "0-1"]
[WhiteElo "1490"]
[BlackElo "1670"]
[PlyCount "116"]
[EventDate "2018.02.05"]
[EventType "swiss"]
[EventRounds "9"]
[EventCountry "ESP"]
[SourceTitle "Ajedrez en Madrid"]
[Source "lmi"]
[SourceDate "2018.02.05"]

1. e4 e6 2. Nf3 d5 3. exd5 exd5 4. d4 Bd6 5. Bd3 Ne7 6. O-O Nbc6 7. h3 Bf5 8.
Bg5 Qd7 9. Bxe7 Nxe7 10. Ne5 Bxe5 11. dxe5 O-O 12. Nc3 Rfd8 13. Re1 Bxd3 14.
Qxd3 Ng6 15. Qg3 c5 16. h4 Qf5 17. Rac1 a6 18. Na4 Rac8 19. b3 b5 20. Nc3 b4
21. Nd1 Re8 22. Ne3 Qxe5 23. Qg4 Rcd8 24. h5 Nf8 25. Nf5 Qf6 26. h6 g6 27. Ng7
Re5 28. Rxe5 Qxe5 29. Rb1 Ne6 30. Nxe6 Qxe6 31. Qf4 Re8 32. Qf3 f5 33. Qd3 a5
34. Rd1 d4 35. Kf1 Qd6 36. Qb5 Qe7 37. Qc4+ Kf8 38. Qd3 Qh4 39. Qh3 Qxh3 40.
gxh3 g5 41. Rd3 Kf7 42. Rg3 Kg6 43. f4 Kxh6 44. Rxg5 Rf8 45. Ke2 Re8+ 46. Kd3
Re3+ 47. Kc4 Rc3+ 48. Kb5 Rxc2 49. Kxa5 Rxa2+ 50. Kb5 Rc2 51. Rxf5 Kg6 52. Rg5+
Kf6 53. Re5 Rc3 54. h4 Re3 55. Rxc5 Rxb3 56. Kc4 Rc3+ 57. Kxb4 Rxc5 58. Kxc5 d3
0-1

[Event "Madrid-ch 2017-2018 - Previa A"]
[Site "Madrid ESP"]
[Date "2018.02.07"]
[Round "3.32"]
[White "Rufo Yebra, Benito"]
[Black "Gonzalez Recas, Fernando"]
[Result "0-1"]
[WhiteElo "1409"]
[BlackElo "1643"]
[PlyCount "120"]
[EventDate "2018.02.05"]
[EventType "swiss"]
[EventRounds "9"]
[EventCountry "ESP"]
[SourceTitle "Ajedrez en Madrid"]
[Source "lmi"]
[SourceDate "2018.02.05"]

1. d4 Nf6 2. b3 e6 3. Bb2 d5 4. Nf3 b6 5. e3 Ba6 6. Bd3 Bxd3 7. Qxd3 Be7 8.
Nbd2 Nbd7 9. e4 dxe4 10. Nxe4 Nd5 11. Qd2 N7f6 12. Nxf6+ Bxf6 13. O-O O-O 14.
c4 Ne7 15. Rad1 c6 16. Ba3 Qc7 17. Qc2 Rfd8 18. Bb2 Qf4 19. Rd3 b5 20. Re1 Qf5
21. Qd2 Ng6 22. Bc1 h6 23. cxb5 Qxb5 24. a4 Qd5 25. Qb2 Rab8 26. b4 a5 27. Bd2
axb4 28. Rb3 c5 29. Be3 cxd4 30. Bd2 Rd7 31. Rxb4 Rxb4 32. Qxb4 e5 33. Ra1 Ne7
34. a5 Nc6 35. Qb6 Ne7 36. a6 Qa8 37. Rb1 Ra7 38. Qb8+ Kh7 39. Qxa8 Rxa8 40.
Rb6 Nd5 41. Rc6 e4 42. Ne1 Be7 43. Nc2 d3 44. Ne3 Nb4 45. Rb6 Nxa6 46. Nd5 Bb4
47. Nxb4 Nxb4 48. g4 Nd5 49. Rb5 Ra2 50. Rxd5 Rxd2 51. Kf1 Re2 52. h4 Kg6 53.
f4 Kf6 54. f5 Ke7 55. g5 Rh2 56. Re5+ Kd6 57. Rxe4 d2 58. Rd4+ Ke5 59. Rd8 Kf4
60. gxh6 gxh6 0-1

[Event "Madrid-ch 2017-2018 - Previa A"]
[Site "Madrid ESP"]
[Date "2018.02.07"]
[Round "3.33"]
[White "Dominguez Afonso, Ayraldo"]
[Black "Perales Hernandez, Manuel"]
[Result "1-0"]
[WhiteElo "1561"]
[BlackElo "1345"]
[PlyCount "51"]
[EventDate "2018.02.05"]
[EventType "swiss"]
[EventRounds "9"]
[EventCountry "ESP"]
[SourceTitle "Ajedrez en Madrid"]
[Source "lmi"]
[SourceDate "2018.02.05"]

1. e4 e5 2. Nf3 Nf6 3. Nxe5 Qe7 4. Nf3 Nxe4 5. Be2 b6 6. O-O Nc6 7. Re1 Qf6 8.
Bc4 Qf5 9. d3 b5 10. dxe4 Qc5 11. Bd5 Be7 12. Nc3 Bb7 13. Be3 Qb4 14. Rb1 f6
15. a3 Qa5 16. b4 Qxa3 17. Nxb5 Qa4 18. Nxc7+ Kf8 19. Nxa8 Bxa8 20. Nd4 Bxb4
21. Nxc6 dxc6 22. Bb3 Qa5 23. Qd7 Be7 24. Qe6 Ke8 25. Red1 Qc7 26. Qf7# 1-0

[Event "Madrid-ch 2017-2018 - Previa A"]
[Site "Madrid ESP"]
[Date "2018.02.07"]
[Round "3.34"]
[White "Salgado Duarte, Pablo"]
[Black "Fernandez Sanchez, Jose M"]
[Result "1-0"]
[WhiteElo "1530"]
[BlackElo "1144"]
[PlyCount "105"]
[EventDate "2018.02.05"]
[EventType "swiss"]
[EventRounds "9"]
[EventCountry "ESP"]
[SourceTitle "Ajedrez en Madrid"]
[Source "lmi"]
[SourceDate "2018.02.05"]

1. d4 Nf6 2. c4 e6 3. Nc3 c5 4. Nf3 Nc6 5. e4 d5 6. e5 Ne4 7. Nxe4 dxe4 8. Ng5
Nxe5 9. dxe5 Qxd1+ 10. Kxd1 Be7 11. Nxe4 O-O 12. Be3 b6 13. Kc2 Bb7 14. Nc3 f6
15. exf6 Bxf6 16. f3 e5 17. Be2 Bc6 18. Rad1 Be8 19. Bd3 Bf7 20. b3 Rfe8 21.
Be4 Rab8 22. Bd5 Kf8 23. Bxf7 Kxf7 24. Rd7+ Re7 25. Rhd1 Ke6 26. R1d6+ Kf7 27.
Rxe7+ Kxe7 28. Ne4 Rc8 29. Rd3 Rc6 30. f4 Rc8 31. fxe5 Bxe5 32. Bg5+ Ke6 33.
Ng3 Rf8 34. Be3 g6 35. Rd2 Re8 36. Re2 h5 37. Bf4 Kf6 38. Bxe5+ Rxe5 39. Rxe5
Kxe5 40. Kd3 h4 41. Ne4 Kf4 42. Nd6 g5 43. Nc8 g4 44. Ke2 Ke4 45. Nxa7 Kd4 46.
Nc8 Kc3 47. Nxb6 Kb2 48. Nd7 Kxa2 49. Nxc5 Ka3 50. Ne4 Kb4 51. Nf2 g3 52. hxg3
hxg3 53. Ne4 1-0

[Event "Madrid-ch 2017-2018 - Previa A"]
[Site "Madrid ESP"]
[Date "2018.02.12"]
[Round "4.1"]
[White "Camarero Izquierdo, Juan Carlos"]
[Black "Perez Diez, Victor"]
[Result "1-0"]
[WhiteElo "1915"]
[BlackElo "1912"]
[PlyCount "42"]
[EventDate "2018.02.05"]
[EventType "swiss"]
[EventRounds "9"]
[EventCountry "ESP"]
[SourceTitle "Ajedrez en Madrid"]
[Source "lmi"]
[SourceDate "2018.02.05"]

1. d4 Nf6 2. Nc3 d5 3. Bg5 Nbd7 4. f3 c6 5. Qd3 e5 6. e3 Be7 7. O-O-O h6 8.
Bxf6 Bxf6 9. Kb1 exd4 10. exd4 O-O 11. g4 b5 12. f4 b4 13. Nce2 g6 14. h4 Bxh4
15. Nf3 Be7 16. Rxh6 Kg7 17. g5 Nb6 18. Ng3 Nc4 19. Nh5+ Kg8 20. Rxg6+ fxg6 21.
Qxg6+ Kh8 1-0

[Event "Madrid-ch 2017-2018 - Previa A"]
[Site "Madrid ESP"]
[Date "2018.02.12"]
[Round "4.2"]
[White "Marcos Herrero, Francisco"]
[Black "Rosa Ramirez, Victor Diego"]
[Result "1-0"]
[WhiteElo "1914"]
[BlackElo "1907"]
[PlyCount "53"]
[EventDate "2018.02.05"]
[EventType "swiss"]
[EventRounds "9"]
[EventCountry "ESP"]
[SourceTitle "Ajedrez en Madrid"]
[Source "lmi"]
[SourceDate "2018.02.05"]

1. c4 c6 2. d4 d5 3. Nf3 e6 4. g3 dxc4 5. Bg2 b5 6. a4 Bb7 7. O-O Nd7 8. b3
cxb3 9. Qxb3 a6 10. Nc3 Ngf6 11. Ne5 Qc8 12. Bf4 b4 13. Ne4 Nxe4 14. Bxe4 Nf6
15. Bxc6+ Bxc6 16. Rac1 Qb7 17. Rxc6 Nd5 18. Rfc1 Be7 19. e4 Nxf4 20. gxf4 Bd8
21. Rxe6+ fxe6 22. Qxe6+ Be7 23. Qf7+ Kd8 24. Nc6+ Qxc6 25. Rxc6 Rb8 26. e5 Rb7
27. Qe6 1-0

[Event "Madrid-ch 2017-2018 - Previa A"]
[Site "Madrid ESP"]
[Date "2018.02.12"]
[Round "4.3"]
[White "Esteban Amo, Jose M"]
[Black "Alvarez Abejon, Amilcar"]
[Result "1/2-1/2"]
[WhiteElo "1847"]
[BlackElo "1958"]
[PlyCount "71"]
[EventDate "2018.02.05"]
[EventType "swiss"]
[EventRounds "9"]
[EventCountry "ESP"]
[SourceTitle "Ajedrez en Madrid"]
[Source "lmi"]
[SourceDate "2018.02.05"]

1. e4 e6 2. d4 d5 3. Nd2 c5 4. Ngf3 a6 5. dxc5 Bxc5 6. Nb3 Ba7 7. exd5 exd5 8.
Bd3 Nf6 9. O-O O-O 10. Bg5 Bg4 11. Re1 Nc6 12. c3 Qd6 13. Bh4 Rfe8 14. Bg3 Qd7
15. Be2 Rac8 16. Nbd4 Bxd4 17. Nxd4 Nxd4 18. cxd4 Bxe2 19. Rxe2 Rxe2 20. Qxe2
Qa4 21. b3 Qxd4 22. Be5 Qe4 23. Qxe4 Nxe4 24. f3 Ng5 25. Bf4 Ne6 26. Rc1 Rxc1+
27. Bxc1 f5 28. Kf2 Kf7 29. Ke2 Ke7 30. Kd3 Kd6 31. g3 b5 32. Ba3+ Kc6 33. Bb4
d4 34. Be7 Kd5 35. b4 g6 36. Bf6 1/2-1/2

[Event "Madrid-ch 2017-2018 - Previa A"]
[Site "Madrid ESP"]
[Date "2018.02.12"]
[Round "4.4"]
[White "Fernandez Garcia, Ignacio"]
[Black "Marcelo de la Mata, Daniel"]
[Result "1-0"]
[WhiteElo "1851"]
[BlackElo "1609"]
[PlyCount "83"]
[EventDate "2018.02.05"]
[EventType "swiss"]
[EventRounds "9"]
[EventCountry "ESP"]
[SourceTitle "Ajedrez en Madrid"]
[Source "lmi"]
[SourceDate "2018.02.05"]

1. e4 c5 2. c3 Nf6 3. e5 Nd5 4. d4 e6 5. c4 Nc7 6. d5 d6 7. exd6 Bxd6 8. Qg4
Qf6 9. Nc3 Qe5+ 10. Be2 f5 11. Qh3 Qf6 12. Nf3 h6 13. Bg5 Qf7 14. Rd1 exd5 15.
cxd5 O-O 16. Bxh6 gxh6 17. Qxh6 Qf6 18. Qh5 Rf7 19. Ng5 Rg7 20. h4 Nd7 21. g4
Qg6 22. Qxg6 Rxg6 23. gxf5 Rf6 24. Nce4 Rh6 25. Ne6 Ne8 26. Rg1+ Kh8 27. h5
Ndf6 28. N4g5 Kg8 29. Rd3 Ng7 30. Nxg7 Kxg7 31. Ne4+ Ng4 32. Rxg4+ Kf7 33. Rg6
Bf4 34. Rf3 Bc1 35. Nd6+ Ke7 36. Nxc8+ Rxc8 37. Kd1 Rxg6 38. fxg6 Bxb2 39. Rb3
Bd4 40. Rxb7+ Kf8 41. h6 Bxf2 42. Rf7+ 1-0

[Event "Madrid-ch 2017-2018 - Previa A"]
[Site "Madrid ESP"]
[Date "2018.02.12"]
[Round "4.5"]
[White "Martinez Aragon, Aitor"]
[Black "Carrasco Coquillat, Jorge"]
[Result "1/2-1/2"]
[WhiteElo "1786"]
[BlackElo "1726"]
[PlyCount "41"]
[EventDate "2018.02.05"]
[EventType "swiss"]
[EventRounds "9"]
[EventCountry "ESP"]
[SourceTitle "Ajedrez en Madrid"]
[Source "lmi"]
[SourceDate "2018.02.05"]

1. e4 c5 2. Nf3 d6 3. d4 cxd4 4. Nxd4 Nf6 5. Nc3 g6 6. f3 Bg7 7. Be3 O-O 8. Qd2
Nc6 9. O-O-O d5 10. Kb1 Nxd4 11. e5 Nf5 12. exf6 exf6 13. Nxd5 Nxe3 14. Nxe3
Qxd2 15. Rxd2 Be6 16. Bc4 Bxc4 17. Nxc4 Rad8 18. Rxd8 Rxd8 19. Re1 f5 20. c3 a6
21. Kc2 1/2-1/2

[Event "Madrid-ch 2017-2018 - Previa A"]
[Site "Madrid ESP"]
[Date "2018.02.12"]
[Round "4.7"]
[White "Corredor Gonzalez, Angel L"]
[Black "Ruiz Quevedo, Andres"]
[Result "0-1"]
[WhiteElo "1745"]
[BlackElo "1917"]
[PlyCount "44"]
[EventDate "2018.02.05"]
[EventType "swiss"]
[EventRounds "9"]
[EventCountry "ESP"]
[SourceTitle "Ajedrez en Madrid"]
[Source "lmi"]
[SourceDate "2018.02.05"]

1. e4 c5 2. Nc3 g6 3. f4 Bg7 4. Nf3 Nc6 5. Bc4 e6 6. a3 Nge7 7. O-O O-O 8. d3
d5 9. Ba2 b6 10. Qe1 Nd4 11. Nxd4 cxd4 12. Ne2 dxe4 13. dxe4 Bb7 14. Ng3 Rc8
15. Bb3 d3 16. c3 Qd7 17. f5 exf5 18. exf5 Nxf5 19. Nxf5 gxf5 20. Be3 Qb5 21.
Qd1 Rce8 22. Ba4 Qd5 0-1

[Event "Madrid-ch 2017-2018 - Previa A"]
[Site "Madrid ESP"]
[Date "2018.02.12"]
[Round "4.8"]
[White "Lizon Martinez, Santiago"]
[Black "Lopez Heras, Arturo"]
[Result "1-0"]
[WhiteElo "1710"]
[BlackElo "1849"]
[PlyCount "93"]
[EventDate "2018.02.05"]
[EventType "swiss"]
[EventRounds "9"]
[EventCountry "ESP"]
[SourceTitle "Ajedrez en Madrid"]
[Source "lmi"]
[SourceDate "2018.02.05"]

1. e4 c5 2. Nf3 d6 3. d4 cxd4 4. Nxd4 Nf6 5. Nc3 a6 6. h3 e6 7. g4 b5 8. a3 Bb7
9. Bg2 Qc7 10. O-O Be7 11. Be3 Nc6 12. Qe2 Nd7 13. Rad1 Na5 14. f4 Nc4 15. Bc1
Nxa3 16. f5 e5 17. Nd5 Bxd5 18. exd5 Nc4 19. Nc6 Nc5 20. g5 Na5 21. Nxe7 Kxe7
22. b4 Ne4 23. f6+ gxf6 24. gxf6+ Kd8 25. bxa5 Nc3 26. Qd2 Nxd1 27. Rxd1 Kc8
28. Ba3 Kb7 29. Qb4 Rad8 30. Rc1 Rhg8 31. c4 Qd7 32. Kh2 Rg6 33. c5 Qf5 34. c6+
Kc7 35. Qd2 Rdg8 36. Bxd6+ Kc8 37. Rg1 Qxf6 38. Bc5 e4 39. Be3 Qh4 40. Qf2 Qh5
41. Qf4 Qxd5 42. Bxe4 Qa2+ 43. Kh1 Rxg1+ 44. Bxg1 Qb3 45. Qf5+ Kb8 46. Bh2+ Ka7
47. Qd7+ 1-0

[Event "Madrid-ch 2017-2018 - Previa A"]
[Site "Madrid ESP"]
[Date "2018.02.12"]
[Round "4.9"]
[White "De La Fuente Ebro, Miguel Angel"]
[Black "Bermejo Redondo, Oscar"]
[Result "1/2-1/2"]
[WhiteElo "1712"]
[BlackElo "1828"]
[PlyCount "55"]
[EventDate "2018.02.05"]
[EventType "swiss"]
[EventRounds "9"]
[EventCountry "ESP"]
[SourceTitle "Ajedrez en Madrid"]
[Source "lmi"]
[SourceDate "2018.02.05"]

1. d4 e6 2. c4 Nf6 3. Nc3 d5 4. e3 Be7 5. Nf3 O-O 6. Bd3 c5 7. O-O Nc6 8. a3
dxc4 9. Bxc4 a6 10. dxc5 Bxc5 11. b4 Be7 12. Bb2 b5 13. Be2 Qb6 14. Qb3 h6 15.
Rfd1 e5 16. Qc2 Be6 17. Bd3 Rfe8 18. Rac1 Rac8 19. Bf5 Bxf5 20. Qxf5 Bf8 21.
Ne4 Nxe4 22. Qxe4 f6 23. Nh4 Ne7 24. Nf5 Nxf5 25. Qxf5 Rxc1 26. Rxc1 Qd6 27.
Qc2 Rd8 28. g3 1/2-1/2

[Event "Madrid-ch 2017-2018 - Previa A"]
[Site "Madrid ESP"]
[Date "2018.02.12"]
[Round "4.10"]
[White "Tapia Sanchez, Jose Manuel"]
[Black "Fernandez Aransay, Fernando"]
[Result "0-1"]
[WhiteElo "1687"]
[BlackElo "1811"]
[PlyCount "126"]
[EventDate "2018.02.05"]
[EventType "swiss"]
[EventRounds "9"]
[EventCountry "ESP"]
[SourceTitle "Ajedrez en Madrid"]
[Source "lmi"]
[SourceDate "2018.02.05"]

1. e4 c5 2. Nf3 d6 3. d4 cxd4 4. Nxd4 Nf6 5. Nc3 g6 6. f4 Nc6 7. Nxc6 bxc6 8.
e5 dxe5 9. Qxd8+ Kxd8 10. fxe5 Nd5 11. Bd2 Bf5 12. Nxd5 cxd5 13. Ba5+ Ke8 14.
O-O-O Bh6+ 15. Bd2 Bg7 16. Bb5+ Bd7 17. Bxd7+ Kxd7 18. Rhf1 Bxe5 19. Rxf7 Bxh2
20. Bc3 Ke6 21. Rg7 Bf4+ 22. Kb1 Bg3 23. Rd2 Bh4 24. Re2+ Kd7 25. g3 Bg5 26.
Rf7 Raf8 27. Ref2 Ke8 28. Rxf8+ Rxf8 29. Bd4 Rxf2 30. Bxf2 a6 31. c3 Kd7 32.
Kc2 Kc6 33. Bd4 Bf6 34. Be3 h5 35. a4 Be5 36. Bf2 Bd6 37. b4 Bc7 38. Kd3 e5 39.
c4 e4+ 40. Kd4 dxc4 41. Kxc4 e3 42. b5+ axb5+ 43. axb5+ Kb7 44. Bxe3 Bxg3 45.
Kd3 h4 46. Ke4 h3 47. Kf3 h2 48. Kg2 Bd6 49. Bd4 g5 50. Be3 g4 51. Bd4 Bb8 52.
Be3 Kc8 53. Bd4 Kd7 54. Be3 Ke6 55. b6 Kf5 56. Bc5 Ke4 57. Be7 g3 58. Bg5 Kd5
59. Be3 Ke4 60. Bc5 Kd3 61. Be7 Ke2 62. Bf8 h1=Q+ 63. Kxh1 Kf1 0-1

[Event "Madrid-ch 2017-2018 - Previa A"]
[Site "Madrid ESP"]
[Date "2018.02.12"]
[Round "4.11"]
[White "Gortazar Rubial, Javier Maria"]
[Black "Narvaez Parra, Vicente"]
[Result "0-1"]
[WhiteElo "1543"]
[BlackElo "1809"]
[PlyCount "128"]
[EventDate "2018.02.05"]
[EventType "swiss"]
[EventRounds "9"]
[EventCountry "ESP"]
[SourceTitle "Ajedrez en Madrid"]
[Source "lmi"]
[SourceDate "2018.02.05"]

1. e4 c6 2. d4 d5 3. exd5 cxd5 4. c4 Nc6 5. Nf3 Nf6 6. Nc3 g6 7. a3 Bg7 8. c5
O-O 9. h3 Re8 10. Be3 e5 11. Be2 exd4 12. Nxd4 Nxd4 13. Bxd4 Bd7 14. O-O b6 15.
cxb6 axb6 16. Bf3 Bc6 17. Qd3 Ne4 18. Bxg7 Kxg7 19. Nxe4 dxe4 20. Qc3+ Qf6 21.
Qxf6+ Kxf6 22. Be2 Ba4 23. Bd1 Bb5 24. Re1 Ke5 25. Be2 Ba4 26. Bd1 f5 27. b3
Bb5 28. Be2 Bxe2 29. Rxe2 Rec8 30. a4 Rc3 31. Rb2 b5 32. a5 Ra6 33. b4 Kd4 34.
Rd1+ Kc4 35. Kf1 Rb3 36. Rdb1 Rxb2 37. Rxb2 Kc3 38. Rb1 Rd6 39. Ke1 g5 40. Rd1
Rf6 41. Rb1 f4 42. Ke2 h5 43. Rd1 Kxb4 44. Rd5 g4 45. hxg4 hxg4 46. Rd4+ Kxa5
47. Rxe4 b4 48. Kd2 Ka4 49. Kc2 Ka3 50. Kb1 Kb3 51. Kc1 Rc6+ 52. Kd1 Rc4 53.
Re2 Ka3 54. Re8 b3 55. Ra8+ Kb2 56. g3 f3 57. Rb8 Rd4+ 58. Ke1 Rc4 59. Kd2 Rc2+
60. Ke3 Re2+ 61. Kf4 Rxf2 62. Kxg4 Rf1 63. Kh3 Rh1+ 64. Kg4 f2 0-1

[Event "Madrid-ch 2017-2018 - Previa A"]
[Site "Madrid ESP"]
[Date "2018.02.12"]
[Round "4.12"]
[White "Carrasco Coquillat, Alvaro"]
[Black "Jimenez Jimenez, Darfo"]
[Result "0-1"]
[WhiteElo "1801"]
[BlackElo "1708"]
[PlyCount "92"]
[EventDate "2018.02.05"]
[EventType "swiss"]
[EventRounds "9"]
[EventCountry "ESP"]
[SourceTitle "Ajedrez en Madrid"]
[Source "lmi"]
[SourceDate "2018.02.05"]

1. d4 g6 2. Nf3 Bg7 3. c4 d6 4. Nc3 Nf6 5. e4 O-O 6. Be2 c5 7. d5 e6 8. O-O
exd5 9. cxd5 Re8 10. Bg5 h6 11. Bxf6 Bxf6 12. Qc2 Bg4 13. h3 Bxf3 14. Bxf3 Nd7
15. g3 Qa5 16. Bg2 b5 17. Rac1 b4 18. Nd1 Qxa2 19. b3 Qxc2 20. Rxc2 a5 21. Ra2
a4 22. bxa4 Nb6 23. a5 Nc4 24. Ne3 Nxe3 25. fxe3 Be5 26. Rb1 Bxg3 27. Kf1 Be5
28. Ke2 Ra7 29. Kd3 Rea8 30. Kc4 Rxa5 31. Rxa5 Rxa5 32. Rb3 Ra2 33. Bf3 Rh2 34.
Bg4 h5 35. Bc8 Rc2+ 36. Kd3 Rc3+ 37. Rxc3 Bxc3 38. Bd7 Kg7 39. Bc8 Kf6 40. Bd7
Kg5 41. Be8 Kh4 42. Bxf7 Kxh3 43. Bxg6 h4 44. Ke2 Kg2 45. Bh5 h3 46. Bf3+ Kg1
0-1

[Event "Madrid-ch 2017-2018 - Previa A"]
[Site "Madrid ESP"]
[Date "2018.02.12"]
[Round "4.13"]
[White "Gonzalez Pinar, Adrian"]
[Black "De Luna Butz, Alberto"]
[Result "0-1"]
[WhiteElo "1487"]
[BlackElo "1799"]
[PlyCount "94"]
[EventDate "2018.02.05"]
[EventType "swiss"]
[EventRounds "9"]
[EventCountry "ESP"]
[SourceTitle "Ajedrez en Madrid"]
[Source "lmi"]
[SourceDate "2018.02.05"]

1. c4 e5 2. Nc3 Bb4 3. g3 Bxc3 4. bxc3 d6 5. Bg2 f5 6. e4 fxe4 7. Bxe4 Nf6 8.
Bg2 O-O 9. Nf3 c5 10. O-O Nc6 11. d4 e4 12. Ng5 Bf5 13. Re1 Re8 14. f3 exf3 15.
Nxf3 Qd7 16. Bf4 Rxe1+ 17. Qxe1 Re8 18. Qd2 Ne4 19. Qb2 b6 20. Ng5 Nxg5 21.
Bxg5 Be4 22. Re1 Bxg2 23. Rxe8+ Qxe8 24. Qxg2 Qe1+ 25. Qf1 Qxc3 26. d5 Ne5 27.
Be7 Qe3+ 28. Kg2 Qe4+ 29. Kh3 Nf7 30. Bf6 gxf6 31. Qxf6 h6 32. g4 Qe3+ 33. Kg2
Qg5 34. Qe6 Kg7 35. Qd7 Qd2+ 36. Kh3 Qd3+ 37. Kh4 Qxc4 38. Qf5 Qd4 39. Qd7 Qf2+
40. Kh3 Qxa2 41. Qf5 Qb2 42. Qe6 Ng5+ 43. Kg3 Nxe6 44. dxe6 Kf6 45. h3 Qe5+ 46.
Kh4 Kxe6 47. g5 Qxg5# 0-1

[Event "Madrid-ch 2017-2018 - Previa A"]
[Site "Madrid ESP"]
[Date "2018.02.12"]
[Round "4.14"]
[White "Jimenez Garcia, Rodrigo"]
[Black "Lopez Orellana, Federico"]
[Result "1/2-1/2"]
[WhiteElo "1783"]
[BlackElo "1702"]
[PlyCount "87"]
[EventDate "2018.02.05"]
[EventType "swiss"]
[EventRounds "9"]
[EventCountry "ESP"]
[SourceTitle "Ajedrez en Madrid"]
[Source "lmi"]
[SourceDate "2018.02.05"]

1. e4 d5 2. Nf3 dxe4 3. Ng5 Nf6 4. Bc4 e6 5. Nc3 Nc6 6. Ngxe4 Nxe4 7. Nxe4 Be7
8. O-O O-O 9. c3 Ne5 10. Be2 Nd3 11. Qc2 Nxc1 12. Raxc1 Bd7 13. d4 Bc6 14. Bf3
g6 15. Rfd1 Bxe4 16. Qxe4 c6 17. Rd3 Qc7 18. h4 Rad8 19. h5 Bg5 20. Re1 Qf4 21.
hxg6 hxg6 22. Qe2 Kg7 23. g3 Qc7 24. Bg2 Bf6 25. f4 b5 26. Kf2 c5 27. dxc5
Qxc5+ 28. Qe3 Qxe3+ 29. Rexe3 a5 30. Ke2 b4 31. cxb4 axb4 32. Rb3 Rd4 33. a3
bxa3 34. bxa3 Rc8 35. Rbc3 Rxc3 36. Rxc3 Rxf4 37. gxf4 Bxc3 38. Bc6 Kf6 39. a4
Kf5 40. Kf3 g5 41. fxg5 Kxg5 42. Bd7 Kf5 43. Bc8 Ke5 44. Bb7 1/2-1/2

[Event "Madrid-ch 2017-2018 - Previa A"]
[Site "Madrid ESP"]
[Date "2018.02.12"]
[Round "4.15"]
[White "Andalon Gomez, Carlos Jesus"]
[Black "Ramos Garcia, Raul"]
[Result "1/2-1/2"]
[WhiteElo "1935"]
[BlackElo "1700"]
[PlyCount "56"]
[EventDate "2018.02.05"]
[EventType "swiss"]
[EventRounds "9"]
[EventCountry "ESP"]
[SourceTitle "Ajedrez en Madrid"]
[Source "lmi"]
[SourceDate "2018.02.05"]

1. d4 d5 2. c4 e6 3. Nc3 Nf6 4. Bg5 Be7 5. e3 O-O 6. Nf3 Nbd7 7. Qc2 c6 8.
O-O-O dxc4 9. Bxc4 b5 10. Bd3 Bb7 11. Kb1 h6 12. Bh4 Nd5 13. Bxe7 Qxe7 14. Nxd5
exd5 15. Rc1 Nb6 16. Ne5 Nc4 17. Bxc4 bxc4 18. g4 a5 19. h4 a4 20. a3 c5 21. h5
cxd4 22. exd4 Qg5 23. Nd7 Rfe8 24. Nc5 Bc6 25. Rhg1 Rab8 26. Na6 Rb3 27. Nc5
Rf3 28. Rg2 Rb8 1/2-1/2